| 000 | 00852nam a2200241 i 4500 | ||
|---|---|---|---|
| 001 | 19914 | ||
| 003 | ES-MaACL | ||
| 005 | 20240529101712.0 | ||
| 007 | t| | ||
| 008 | 021029s1989 sp ||||1| spa d | ||
| 020 | _a84-320-4030-4 | ||
| 080 | _a821.134.2-31"18" | ||
| 100 | 1 |
_aAlarcón, Pedro Antonio de, _d1833-1891 _919134 |
|
| 245 | 1 | 3 |
_aEl escándolo / _cPedro Antonio de Alarcón ; edición, introducción y notas de María del Pilar Palomo. |
| 250 | _a1ª ed. | ||
| 260 |
_aBarcelona : _bPlaneta, _c1989. |
||
| 300 |
_a327 p. ; _c19 cm. |
||
| 490 | 1 |
_aClásicos universales Planeta. Autores hispánicos ; _v177 |
|
| 700 | 1 |
_aPalomo, María del Pilar, _d1933- _9144616 |
|
| 830 | 0 |
_aClásicos universales Planeta. Autores hispánicos ; _v177 _9186962 |
|
| 852 |
_aES-MaACL _jL-1750 _bR.132064 |
||
| 999 |
_c19914 _d19914 |
||